| 000 | 00340nam a2200133 4500 | ||
|---|---|---|---|
| 999 |
_c511371 _d511371 |
||
| 008 | 190917b ||||| |||| 00| 0 eng d | ||
| 100 |
_aChenoy, Dilip _910898 |
||
| 245 | _aSkills for a $5 trillion economy | ||
| 260 | _bYojana | ||
| 300 | _a63, Sep, 2019: p.37-39. | ||
| 773 | _aYojana | ||
| 906 | _aSkill development | ||
| 942 |
_2ddc _cAR |
||